<The> Power structure of american business

Salvato in:
Dettagli Bibliografici
Autore principale: Mintz, Beth
Altri autori: Schwartz, Michael
Natura: Libro
Lingua:inglese
Pubblicazione: Chicago The University of Chicago Press 1985
Soggetti:
Tags: Aggiungi Tag
Nessun Tag, puoi essere il primo ad aggiungerne!!

MARC

LEADER 00000nam a2200000 4500
001 c124720
005 20221123135659.7
020 |a 0-226-53108-2 
041 0 |a eng 
044 |a US 
245 1 0 |a <The> Power structure of american business  |c Beth Mintz and Michael Schwartz 
264 1 |a Chicago  |b The University of Chicago Press  |c 1985 
300 |a 327 s. 
610 2 0 |a podnikanie 
610 2 0 |a ústavy finančné 
610 2 0 |a spoločnosti 
610 2 0 |a korporácie 
610 2 0 |a USA 
610 2 0 |a podmienky obchodné 
100 1 |a Mintz, Beth 
700 1 |a Schwartz, Michael